00476nam a2200157Ia 4500100002100000250000600021942000700027654001300034245003100047260003300078300000800111546001200119999001700131952008500148952008500233 aJohnson/David E  a3 cBK aCircuits aElectric Circuits Analysis bPrentice -HallaBombayc1997 a848 aENGLISH c19324d19324 001040708CRCaCRCEbCRCEd2023-03-17l0o p10311r2023-03-17w2023-03-17yBK 001040708CRCaCRCEbCRCEd2023-03-17l0o p10355r2023-03-17w2023-03-17yBK